Plane trigonometry with tables
Saved in:
| Main Author: | |
|---|---|
| Format: | Book |
| Language: | English |
| Published: |
Cambridge, Mass :
Addison-Wesley,
c1950, (1954 printing)
|
| Series: | Addison-Wesley mathematics series
|
| Subjects: | |
| Tags: |
Add Tag
No Tags, Be the first to tag this record!
|
MARC
| LEADER | 00000cam a2200000 i 4500 | ||
|---|---|---|---|
| 001 | 1/97290 | ||
| 008 | 081114r19541950 eng d | ||
| 035 | |l 10101659 | ||
| 040 | |a GR-MY-UA |b gre |e aacr | ||
| 041 | 0 | |a eng | |
| 082 | 0 | |a 516.242 |2 (22) | |
| 100 | 1 | |a Dadourian, Haroutune Mugurditch |d 1878- | |
| 245 | 1 | 0 | |a Plane trigonometry with tables / |c by H. M. Dadourian |
| 260 | |a Cambridge, Mass : |b Addison-Wesley, |c c1950, (1954 printing) | ||
| 300 | |a x, 84 σ.; |b διαγρ.; |c 24 εκ. | ||
| 490 | 1 | |a Addison-Wesley mathematics series | |
| 500 | |a "List of table ... reproduced from Plane trigonometry by Bailou and Steen": 84 p. at end. | ||
| 650 | 0 | 0 | |a Plane trigonometry. |
| 830 | 0 | |a Addison-Wesley mathematics series | |
| 852 | |a INST |b SAMOS |c MAG |e 20081114 |h 516.242 DAD |p 005300029652 |q 005300029652 |t BK |y 0 | ||
| 901 | |a BIBL3-2008-3 | ||
| 909 | |a Σ |b 155327 | ||
| 970 | |a ΣΙΤΖΙΜΗ |b ΓΙΑΣΕΜΗ |z 2008/11/14 | ||